000 00398cam a2200181 4500
001 D14440
008 090401t1929 xxu||||| |||| 00| 0 eng d
035 _a(Sirsi) u15743
041 _aeng
100 _aWhitelaw, John
245 _aSurveying
250 _a8th
260 _aLondon
_bCrosby Lockwood and Son
_c1929
350 _a0
520 _aShelf 137
942 _n0
948 _c04/03/1997
999 _c87303
_d87303